Kik kapnak lakást a város új bérházaiban a horribilis lakbérek miatt sokan nem foglalják el a lakásokat
Elmentve itt :
| Dokumentumtípus: | Cikk |
|---|---|
| Megjelent: |
1925-05-29
|
| Sorozat: | Délmagyarország
1 No. 11 |
| Kulcsszavak: | Lakbérek Szeged 1925 |
| Online Access: | http://dmarchiv.bibl.u-szeged.hu/45595 |
| LEADER | 00490nab a2200145 i 4500 | ||
|---|---|---|---|
| 001 | delm45595 | ||
| 005 | 20180927131912.0 | ||
| 008 | 180927s1925 hu o 0|| hun d | ||
| 040 | |a SZTE Délmagyarország Archívum |b hun | ||
| 041 | |a hun | ||
| 245 | 0 | 0 | |a Kik kapnak lakást a város új bérházaiban |h [elektronikus dokumentum] : |b a horribilis lakbérek miatt sokan nem foglalják el a lakásokat |
| 260 | |c 1925-05-29 | ||
| 300 | |a 4 | ||
| 490 | 0 | |a Délmagyarország |v 1 No. 11 | |
| 695 | |a Lakbérek Szeged 1925 | ||